Tour de France wins by country - Statistics

General Stats
  • This quiz has been taken 23 times
  • The average score is 24 of 33
Answer Stats
Stage wins Overall wins Answer % Correct
712 36 France
100%
487 18 Belgium
95%
90 1 Germany
95%
128 12 Spain
95%
61 2 Switzerland
95%
19 3 Usa
95%
25 2 Denmark
90%
271 10 Italy
90%
181 2 Netherlands
90%
12 0 Portugal
90%
76 6 Uk
90%
19 0 Norway
85%
6 0 Poland
85%
1 0 Sweden
85%
14 1 Ireland
80%
71 5 Luxembourg
80%
11 0 Russia
80%
1 0 Brazil
75%
2 0 Canada
75%
13 0 Slovakia
75%
14 2 Slovenia
75%
38 1 Australia
70%
5 0 Austria
70%
3 0 Czech Republic
70%
2 0 Mexico
70%
22 1 Colombia
65%
4 0 Estonia
55%
2 0 Latvia
50%
1 0 Lithuania
50%
4 0 Ukraine
50%
2 0 South Africa
35%
6 0 Kazhakstan
5%
9 0 Uzbekistan
0%
No matching quizzes found
Score Distribution
Percent of People with Each Score
Percentile by Number Answered
Your Score History
You have not taken this quiz